000 00818nam a2200253 4500
003 OSt
005 20240717023304.0
006 a
008 240717b |||||||| |||| 00| 0 eng d
020 _a9812471820
040 _aDWCL-Main lib.
_cOC
082 _2First edition
_aCirc. 519.5 S797 2005
100 _aLevine, David M.
245 _aStatistics: a handbook for managers /
250 _aFirst edition
260 _aN. J. :
_bPearson Education, Inc.,
_cc2005.
300 _axxiii,
_b886 p. : ill. ;
_c27 cm.
504 _aIncludes bibliographical references and index.
650 _a1. Microsoft excel (Computer file).
650 _a2. Management-Statistical methods.
650 _a3. Commercial statistics.
650 _a4. Electronic spreadsheets.
942 _2ddc
_n0
_cBK-CIRC
_eFirst edition
_kCirc.
999 _c2293
_d2293